ბათუმის შოთა რუსთაველის სახელმწიფო უნივერსიტეტის ბიბლიოთეკა

ძველი ისტორიის ნარკვევები = Studies in Ancient history / (ბიბ.ჩანაწერი № 55215)

000 -ლიდერი
ფიქსირებული სიგრძის საკონტროლო ველი 01544nam a2200277Ia 4500
001 - საკონტროლო ნომერი
საკონტროლო ველი 22290
003 - საკონტროლო ნომრის იდენტიფიკატორი
საკონტროლო ველი GE_BSU
005 - ბოლო ოპერაციის თარიღი და დრო
საკონტროლო ველი 20230228103533.0
008 - ფიქსირებული სიგრძის მონაცემთა ელემენტები - ზოგადი ინფორმაცია
ფიქსირებული სიგრძის საკონტროლო ველი 181216s ||||ge |||||||||||||| ||geo||
020 ## - წიგნის საერთაშორისო სტანდარტული ნომერი
International Standard Book Number 9789941437106
040 ## - კატალოგიზაციის წყარო
Transcribing agency GE_BSU
041 ## - ენის კოდი
Language code of text/sound track or separate title geo
080 ## - უნივერსალური ათობითი კლასიფიკაციის ინდექსი
Universal Decimal Classification number 94(38) გ-70
100 ## - მთავარი ჩანაწერი - პიროვნების სახელი
Personal name გორდეზიანი, ლევან
9 (RLIN) 17068
245 ## - ცნობა სათაურის შესახებ
Title ძველი ისტორიის ნარკვევები = Studies in Ancient history /
Statement of responsibility, etc ლევან გორდეზიანი ; რედაქტორი ირინე ტატიშვილი.
250 ## - გამოცემის ცნობა
Edition statement მე-2 შევსებული და შესწორებული გამოცემა
264 ## - წარმოების, გამოცემის, დისტრიბუციის და სხვა ცნობები
გამოცემის, წარმოების, დისტრიბუციის... ადგილი თბილისი :
გამოცემის, წარმოების, დისტრიბუციის... სახელწოდება ლოგოსი,
გამოცემის, წარმოების, დისტრიბუციის... თარიღი 2012.
300 ## - ფიზიკური აღწერა
Extent 458 გვ. ;
Dimensions 20 სმ.
490 ## - სერიის ცნობა
Series statement პროგრამა "ლოგოსი"
500 ## - ზოგადი შენიშვნა
General note პუბლიკაციები და ღონისძიებები კლასიკური ფილოლოგიის, ბიზანტინისტიკისა და ნეოგრეცისტიკის სფეროში
520 ## - SUMMARY, ETC.
Summary, etc დამატებითი სატიტულო გვ. ინგლ. ენაზე
653 ## - INDEX TERM--UNCONTROLLED
Uncontrolled term ძველი ისტორიის ნარკვევები
653 ## - INDEX TERM--UNCONTROLLED
Uncontrolled term ძველი საბერძნეთის ისტორია. კოლხეთის ისტორია.
942 ## - ADDED ENTRY ELEMENTS (KOHA)
Koha item type წიგნი
Source of classification or shelving scheme
ეგზემპლარები
ჩამოწერის სტატუსი დაკარგული ეგზემპლარის სტატუსი კლასიფიკაციის წყარო ან თაროზე გაწყობის სქემა დაზიანების სტატუსი არ გაიცემა მუდმივი მდებარეობა (დაცვის ადგილი) ამჟამინდელი ადგილსამყოფელი თაროზე განთავსების ადგილი შეძენის თარიღი ღირებულება, შესყიდვის ნორმალური ფასი სრული შენახვის შიფრი შტრიხკოდი ბოლო ოპერაციის თარიღი ეგზემპლარის მიმდევრობითი ნომერი (კეტერი?) ფასის ძალაში შესვლის თარიღი ეგზემპლარის სახეობა საჯარო შენიშვნა
          ბათუმის შოთა რუსთაველის სახელმწიფო უნივერსიტეტის მთავარი ბიბლიოთეკა ბათუმის შოთა რუსთაველის სახელმწიფო უნივერსიტეტის მთავარი ბიბლიოთეკა წიგნსაცავი 2018-12-17 7.00 94(38) გ-70 57472 2018-12-17 57472 2018-12-17 წიგნი 7.00 ₾.
          ბათუმის შოთა რუსთაველის სახელმწიფო უნივერსიტეტის მთავარი ბიბლიოთეკა ბათუმის შოთა რუსთაველის სახელმწიფო უნივერსიტეტის მთავარი ბიბლიოთეკა წიგნსაცავი 2018-12-17 7.00 94(38) გ-70 57473 2018-12-17 57473 2018-12-17 წიგნი 7.00 ₾.